01275cam a2200289 i 450000100090000000300040000900500170001300800410003001000170007102000180008804000280010604200080013405000230014208200200016510000420018524502340022725000230046126400310048430000430051533600210055850000200057965000270059994200460062695201480067295201480082099900170096817553348OSt20230826152849.0121207s2014 maua 001 0 eng  a 2012047454 a9789356068957 aDLCbengcDLCerdadDLC apcc00aHF5635b.H814 201400a658.1511bHOR/I aHorngren, Charles Td1926-2011.9118310aIntroduction to management accounting /cCharles T. Horngren, Stanford University; Gary L. Sundem, University of Washington - Seattle; David Burgstahler, University of Washington - Seattle; Jeff Schatzberg, University of Arizona. aSixteenth edition. 1aBoston :bPearson,c[2014] a877 pages :b illustrations ;c29 cm. atext2rdacontent aIncludes index. 0aManagerial accounting. 2ddccBKh658.1511iHOR/Ik658.1511mHOR/I 00102ddc40708MANAGEMENTaMESbMEScMANAGEMENTd2023-08-26l0o658.1511 HOR/Ip42232r2023-08-26 15:29:40t1v999.00w2023-08-26yBKzGL54R2 00102ddc40708MANAGEMENTaMESbMEScMANAGEMENTd2023-08-26l0o658.1511 HOR/Ip42233r2023-08-26 15:29:40t2v999.00w2023-08-26yBKzGL54R2 c42019d42019